| 000 -LEADER |
| fixed length control field |
00455nam a22001457a 4500 |
| 020 ## - INTERNATIONAL STANDARD BOOK NUMBER |
| ISBN |
0801690099 |
| 050 ## - LIBRARY OF CONGRESS CALL NUMBER |
| Classification number |
RC 86. 7 ame |
| 100 ## - MAIN ENTRY--AUTHOR NAME |
| Personal name |
American Red Cross |
| 245 ## - TITLE STATEMENT |
| Title |
American Red Cross first aid : responding to emergencies |
| 260 ## - PUBLICATION, DISTRIBUTION, ETC. (IMPRINT) |
| Place of publication |
St. Louis |
| Name of publisher |
Mosby Year Book |
| Year of publication |
1991 |
| 300 ## - PHYSICAL DESCRIPTION |
| Number of Pages |
xxi, 425 pages : illustrations |
| 650 ## - SUBJECT ADDED ENTRY--TOPICAL TERM |
| Topical Term |
1. First aid in illness and injury 2. medical emergencies |
| 942 ## - ADDED ENTRY ELEMENTS (KOHA) |
| Koha item type |
Books |
| 988 ## - PAGINATION/EXTENT |
| PAGINATION/EXTENT |
xxi, 425 pages : illustrations |